00445 2200169 4500001002100000005001500021008004100036035001900077041000700096082001200103090001800115100002300133245005500156260003200211300001800243650001400261INLIS00000000001752420241224115328241224||||||||| | ||| |||| || |  0010-1224017524 aid0 a658.314 a658.314 NIT m0 aAlex S. Nitisemito00aMENIMBULKAN SEMANGAT DAN KEGAIRAHAN KERJA KARYAWAN aJakartabBalai Aksarac1982 a31hlm;15x21cm 0amanajemen